Operation and modeling of the MOS transistor (Record no. 3949)

000 -LEADER
fixed length control field 00577nam a2200205 a 4500
001 - CONTROL NUMBER
control field 3949
003 - CONTROL NUMBER IDENTIFIER
control field BD-DhUET
008 - FIXED-LENGTH DATA ELEMENTS--GENERAL INFORMATION
fixed length control field 031117s1999 nyua b 001 0 eng
020 ## - INTERNATIONAL STANDARD BOOK NUMBER
International Standard Book Number 0071167919
040 ## - CATALOGING SOURCE
Original cataloging agency DLC
Transcribing agency DLC
Modifying agency BD-DhUET
082 00 - DEWEY DECIMAL CLASSIFICATION NUMBER
Classification number 623.815284
Item number TSI/1999
100 ## - MAIN ENTRY--PERSONAL NAME
Personal name Tsividis, Yannis
245 10 - TITLE STATEMENT
Title Operation and modeling of the MOS transistor
250 ## - EDITION STATEMENT
Edition statement 2nd ed.
260 ## - PUBLICATION, DISTRIBUTION, ETC. (IMPRINT)
Place of publication, distribution, etc. New York
Name of publisher, distributor, etc. Oxford University Press
Date of publication, distribution, etc. 1999
300 ## - PHYSICAL DESCRIPTION
Extent xx, 620p.
Other physical details ill.
504 ## - BIBLIOGRAPHY, ETC. NOTE
Bibliography, etc Includes bibliographies
650 #0 - SUBJECT ADDED ENTRY--TOPICAL TERM
Topical term or geographic name as entry element Metal oxide semiconductors - Mathematical models
942 ## - ADDED ENTRY ELEMENTS (KOHA)
Koha item type General Book
Holdings
Price effective from Sublocation or collection (holding branch) Koha date last borrowed Damaged status Copy number Not for loan Koha issues (times borrowed) Withdrawn status Shelving location Location (home branch) Koha normalized classification for sorting Source of classification or shelving scheme Piece designation (barcode) Koha full call number Lost status Koha date last seen Koha item type Date acquired
2014-11-09Central Library, BUET2017-10-23 1 1 Circulation sectionCentral Library, BUET623_000000000000000_8152TSI199 93007623.8152/TSI/1999  2020-12-05General Book2014-11-09
2014-12-02Central Library, BUET  2   Circulation sectionCentral Library, BUET623_815200000000000_TSI_1999 93010623.8152/TSI/1999 2014-12-02General Book2014-12-02
2015-06-25Central Library, BUET  3   Reading sectionCentral Library, BUET623_815284000000000_TSI_1999 93005623.815284/TSI/1999 2015-06-25Reading Item2015-06-25
2017-10-31Central Library, BUET  4   Circulation sectionCentral Library, BUET623_815284000000000_TSI_1999 93009623.815284/TSI/1999 2017-10-31General Book1999-04-12